| 000 | 00425nam a22001697a 4500 | ||
|---|---|---|---|
| 003 | OSt | ||
| 008 | 210212b ||||| |||| 00| 0 eng d | ||
| 020 | _a9789382322894 | ||
| 082 | _a615.321 RAP | ||
| 100 | _aRangari, Vinod.D | ||
| 245 | _aPharmacognosy and Phytochemistry-Vol.1 | ||
| 250 | _a4th | ||
| 260 |
_aNew Delhi _bPharma Career Publications _c2020 |
||
| 300 | _a557 | ||
| 650 | _aPharmacognosy | ||
| 942 |
_2ddc _cBK |
||
| 999 |
_c10451 _d10451 |
||